Equipes de ligue 1 (2022-2023) - Statistiques

Statistiques générales
  • Ce quiz a été pris 417 fois
  • Le résultat moyen est 17 sur 20
Statistiques - réponses
Hint Réponse % Correct
1 PSG
100%
2 OM
98%
5 Lille
96%
7 OL
96%
6 Rennes
94%
3 Lens
93%
16 Nantes
93%
4 Monaco
92%
10 Nice
90%
15 Strasbourg
88%
12 Toulouse
88%
13 Montpellier
84%
20 Angers
81%
17 Brest
79%
8 Reims
79%
9 Clermont
76%
11 Lorient
73%
19 Ajaccio
69%
14 Auxerre
68%
18 Troyes
67%
Aucun quiz correspondant
Distribution des résultats
% des personnes avec chaque résultat
Percentile par nombre de réponses
Votre historique - résultats
Vous n’avez pas pris ce quiz